Prénoms féminins les plus donnés en 2020 - Statistiques

Statistiques générales
  • Ce quiz a été pris 237 fois
  • Le résultat moyen est 55 sur 100
Statistiques - réponses
Ordre Première lettre Réponse % Correct
1 E Emma
92%
20 L Lou
92%
8 L Léa
90%
77 M Marie
87%
2 J Jade
86%
12 A Anna
85%
16 J Juliette
84%
6 C Chloé
83%
3 L Louise
83%
17 Z Zoé
83%
50 C Clara
80%
24 J Jeanne
80%
18 M Manon
80%
4 A Alice
76%
14 I Inès
75%
22 C Camille
73%
13 J Julia
73%
31 L Lucie
73%
5 L Lina
71%
21 L Lola
71%
7 R Rose
71%
28 R Romane
69%
34 S Sarah
69%
27 E Eva
68%
42 V Victoire
68%
36 C Charlotte
67%
58 L Léana
67%
71 E Elise
66%
41 V Victoria
66%
15 L Léna
65%
80 L Lisa
65%
38 O Olivia
65%
63 M Mathilde
64%
23 N Nina
64%
75 V Valentine
64%
30 I Iris
63%
98 O Océane
63%
10 A Ambre
62%
78 N Noémie
62%
53 L Lana
61%
66 L Lilou
61%
69 L Lise
61%
44 M Margot
61%
11 M Mia
60%
19 A Agathe
59%
76 H Héloïse
59%
37 M Margaux
59%
9 M Mila
59%
65 A Alicia
58%
35 L Louna
58%
73 M Maria
58%
59 A Anaïs
57%
60 G Gabrielle
57%
32 L Luna
57%
93 M Maëlle
57%
47 C Clémence
56%
72 L Lily
55%
57 T Théa
55%
88 Z Zélie
54%
92 E Emmy
52%
26 R Romy
52%
85 C Célia
50%
81 L Lila
50%
64 M Maëlys
50%
39 S Sofia
50%
79 E Elsa
48%
29 L Léonie
48%
33 A Adèle
46%
51 E Eléna
46%
61 E Emy
46%
62 Y Yasmine
46%
68 R Roxane
45%
54 L Lya
44%
83 T Thaïs
44%
48 A Alix
42%
89 S Salomé
42%
46 G Giulia
41%
45 M Mya
41%
96 A Amelia
39%
74 M Maya
39%
40 C Charlie
36%
94 E Elina
36%
25 I Inaya
36%
52 C Capucine
34%
67 A Apolline
32%
56 L Lyana
30%
55 L Lyna
30%
49 A Aya
29%
86 C Candice
28%
43 N Nour
28%
90 C Constance
27%
91 S Soline
27%
70 A Assia
21%
87 L Livia
20%
84 I Ilyana
19%
97 J Joy
19%
82 A Alya
18%
100 A Arya
12%
99 M Maïssa
10%
95 M Maryam
9%
Aucun quiz correspondant
Distribution des résultats
% des personnes avec chaque résultat
Percentile par nombre de réponses
Votre historique - résultats
Vous n’avez pas pris ce quiz